| 000 | 00291nam a2200121 i 4500 | ||
|---|---|---|---|
| 001 | bg | ||
| 245 | 0 |
_aKoordynacja sygnalizacji świetlnej : _bwybrane zagadnienia. |
|
| 260 |
_aWarszawa, _c1977. |
||
| 040 | _cBPK | ||
| 041 | _apol | ||
| 942 | _cKS | ||
| 008 | s pl f |000 0 pol | ||
| 999 |
_c17556 _d17556 |
||
| 856 |
_uhttp://koha.tu.koszalin.pl/cgi-bin/koha/opac-detail.pl?biblionumber=17556 _yKatalog online BPK |
||